000 01013nam a22002537a 4500
003 DO-SdBNP
005 20220922144758.0
007 ta
008 220922b1936 |||c|||e l||| 00| s spa d
040 _aDO-SdBNP
_bspa
_cBNPHU
041 _hspa
082 1 _222
_a320.97293
_bR426d
110 1 _aRepública Dominicana.
_bPresidente 1981-1989
_982417
130 1 _aDiscurso
_939147
245 1 0 _aDiscurso pronunciado por el generalisimo Doctor Rafael Leónidas Trujillo Molina, en su visita a la región del sur con motivo de la inauguración del Canal de Riesgo de Matayaya
260 _aSan Juan de la Maguana :
_b[s.n.],
_c1936
300 _a8 p. :
_bretr.;
_c22 cm.
650 4 _aDiscurso
_982418
650 4 _930670
_aDiscursos presidenciales
_zRepública Dominicana
651 4 _926116
_aRepública Dominicana
_xPolítica y gobieno
_xDiscurso
_y1936 -
700 1 _aTrujillo Molina, Rafael Leónidas
_d1891-1961
_ePresidente
_eBenefactor
_tDiscurso
_982419
942 _2ddc
_cLBS1
956 _aInventariado, 2022 / SA
999 _c52449
_d52449